| 000 | 01358nam a22002297a 4500 | ||
|---|---|---|---|
| 005 | 20241120144758.0 | ||
| 008 | 240531b ||||| |||| 00| 0 eng d | ||
| 040 | _cSSBUL | ||
| 041 | _aMyanmar | ||
| 082 |
_223 _a၂၉၄.၃၇၅ အ _b၁၂၅၀၂ S-UOK |
||
| 100 | 0 |
_aအရိယဓမ္မ၊ အရှင်။ _930815 |
|
| 245 | 0 | 0 |
_aဗုဒ္ဓဝါဒပြဿနာများ / _cအရှင် အရိယဓမ္မ၊ မေးမြန်းသူ ဒေါက်တာအေအမ်ဘေကာ။ |
| 250 | _aပဉ္စမအကြိမ်။ | ||
| 260 |
_aရန်ကုန် ၊ _bဝင်းမော်ဦးစာပေ၊ _c၁၉၇၄။ |
||
| 300 |
_a၂၀၀ စာမျက်နှာ ၊ _c၁၈ စင်တီ။ |
||
| 300 |
_a၂၀၆ စာမျက်နှာ ၊ _c၁၈ စင်တီ။ |
||
| 500 | _aS-UOK: U Ohn Kyaw S-SAT: Dr. Sai Aung Tun | ||
| 500 | _aအိန္ဒိယတရားဝန်ကြီးချုပ်ဟောင်း ဒေါက်တာအေအမ်ဘေကာ ကမေး၍ ဆရာတော်အရှင်အရိယဓမ္မ ကဖြေဆိုထားသည်။ | ||
| 650 |
_aဗုဒ္ဓဘာသာ _xအမေးအဖြေ |
||
| 700 | 0 |
_aဘေကာ၊ အေအမ်၊ ဒေါက်တာ- _942456 |
|
| 942 |
_2ddc _cBK1 |
||
| 999 |
_c35132 _d35132 |
||